000
00216 a2200097 4500
001
58112
100
_a
245
_a
Guidance and career counselling
260
_a
New Delhi
_b
A P H Pub
_c
2005
090
_c
35621
_d
35621
942
_a
NUST-CAE
_c
M
_c
28471
999
_c
293185
_d
293185